Loading...
| Literature - American Literature | 0 | 2 | 0 | 2 | 20 | 142 | 143.50 | 0 | 0 |
| Science - Physics | 0 | 2 | 1 | 0 | 15 | 42 | 54.50 | 0 | 2 |
| Fine Arts - Visual Fine Arts | 0 | 1 | 0 | 0 | 10 | 94 | 94.00 | 0 | 0 |
| Philosophy | 0 | 1 | 0 | 0 | 10 | 111 | 111.00 | 0 | 0 |
| Science - Biology | 0 | 1 | 0 | 0 | 10 | 83 | 83.00 | 0 | 1 |
| Science - Other Science | 0 | 1 | 0 | 0 | 10 | 98 | 98.00 | 0 | 1 |
| History - American History | 0 | 1 | 0 | 1 | 10 | 119 | 119.00 | 0 | 0 |
| Science - Chemistry | 0 | 1 | 1 | 0 | 5 | 59 | 59.00 | 0 | 1 |
| Social Science | 0 | 0 | 0 | 0 | 0 | 0.00 | 0 | 0 | |
| Literature - British Literature | 0 | 0 | 0 | 0 | 0 | 0.00 | 0 | 0 | |
| Fine Arts - Other Fine Arts | 0 | 0 | 0 | 0 | 0 | 0.00 | 0 | 0 |